00427nam a22001337a 4500008004100000020001300041040001500054050003100069100002800100245005000128260006200178300001700240650003600257190525b xxu||||| |||| 00| 0 eng d a99667344 aKABUcKABU aDT433.5b.K46W33 2008 c. 1 aWachira, Kondia mwaniki aKenya book of recordscKondia Mwaniki Wachira aNairobi, KenyabAfrica Books of records Enterprisesc2008 a[ix], 210 p. aKenyaxmiscellaneaxPeriodicals